Central Library, Doon University
WEBOPAC (ONLINE PUBLIC ACCESS CATALOGUE)

Handbuch Literatur And Emotionen (Record no. 60925)

MARC details
000 -LEADER
fixed length control field 00499nam a22001937a 4500
005 - DATE & TIME
control field 20260530131528.0
008 - FIXED-LENGTH DATA ELEMENTS--GENERAL INFORMATION
fixed length control field 260530b |||||||| |||| 00| 0 eng d
020 ## - ISBN
International Standard Book Number 9783110634150
Price 3169.91
040 ## - CATALOGING SOURCE
Original cataloging agency Doon University
041 ## - Language
Language German
082 ## - DDC NUMBER
Book Number HAN
100 ## - MAIN ENTRY--PERSONAL NAME
Personal name Martin von Koppenfels (ed)
245 ## - TITLE STATEMENT
Title Handbuch Literatur And Emotionen
260 ## - PUBLICATION, DISTRIBUTION, ETC. (IMPRINT)
Place of publication, distribution, etc Berlin
Name of publisher, distributor, etc De Gruyte
Date of publication, distribution, etc 2018
300 ## - PHYSICAL DESCRIPTION
Pages 643
650 ## - Subject
Subject German Language
700 ## - Added Entry Personal Name
Added Entry Personal Name Cornelia, Zumbusch (ed)
942 ## - ADDED ENTRY ELEMENTS (KOHA)
Koha item type Books
100 ## - MAIN ENTRY--PERSONAL NAME
-- 26945
700 ## - Added Entry Personal Name
-- 26946

No items available.

Contact : +91-135-2533126 (Library),+91-135-2533105 (Admin Office) , Email : doonlibrary@gmail.com

Powered by Koha